本田技研工業 : 世界を駆ける

Guardado en:
Detalles Bibliográficos
Autor principal: 相良竜介(さがら りょうすけ)
Formato: Libro
Lenguaje:Undetermined
Publicado: 東京 朝日ソノラマ 1980
Materias:
Etiquetas: Agregar Etiqueta
Sin Etiquetas, Sea el primero en etiquetar este registro!
Thư viện lưu trữ: Trung tâm Học liệu Trường Đại học Cần Thơ
LEADER 00579nam a2200217Ia 4500
001 CTU_94666
008 210402s9999 xx 000 0 und d
082 |a 338.8 
082 |b S129 
100 |a 相良竜介(さがら りょうすけ) 
245 0 |a 本田技研工業 : 
245 0 |b 世界を駆ける 
245 0 |c 相良竜介 
260 |a 東京 
260 |b 朝日ソノラマ 
260 |c 1980 
650 |a Corporations,Corporations 
650 |x Honda 
650 |z Japan 
904 |i Ngoc 
980 |a Trung tâm Học liệu Trường Đại học Cần Thơ